000 00268nam a2200121Ia 4500
005 20251222154357.0
008 251222s9999||||xx |||||||||||||| ||spa||
020 _a84-7668-267-0
082 _a868.9/M58
100 _a"Milla, Benito"
245 0 _aÍtaca
942 _cLIB
999 _c35127
_d35127